00434nam a2200181Ia 4500003000400000005001700004008004100021020001800062040000700080041000800087082001900095100002200114245004300136250000600179260003400185300001600219365001700235OSt20230419113048.0210423s2007 xx 000 0 und d a9780071257961 cAL aeng a658223b JONG aJONES (Gareth R). aEssentials of contemporary management. a2 aBostonbTata McGrawhillc2007 axxv,594bPB b1590.05cINR